Dionysii Longini De Sublimitate Libellus Cum Praefatione de Vita & Scriptis Longini, Notis, Indicibus & Variis Lectionibus

Bibliographic Details
Main Author: Cassius, Longinus, 213 - 273 (Author)
Other Authors: Wilmot, John, 1637 - 1718 (Printer)
Format: Book
Language:Latin
Greek, Modern (1453- )
PhysicalDescription:16 nečíslovaných strán, xii, 150 strán, 38 nečíslovaných strán 20 cm
Published: Oxoniae E Theatro Sheldoniano MDCCX (1710)
Subjects:

MARC

LEADER 00000nam a2200000 4500
001 vtls012010604
003 SK-MaSNL
005 20260425231205.0
008 210112t1710 xxka r 001 0 lat
015 |a SNBHFA1710 
040 |a SNKHF  |b slo  |c SNK  |e rda 
041 |a gre  |a lat 
044 |a uk  |c GB 
072 7 |a 101  |x Filozofia  |2 konspekt 
080 |a 101  |2 2011 
100 1 |a Cassius, Longinus,  |d 213 - 273  |4 aut  |9 201996 
245 1 0 |a Dionysii Longini De Sublimitate Libellus  |b Cum Praefatione de Vita & Scriptis Longini, Notis, Indicibus & Variis Lectionibus 
264 1 |a Oxoniae  |b E Theatro Sheldoniano  |c MDCCX (1710) 
264 3 |a Oxoniae  |b Prostat apud Joan. Wilmot Bibliopolam Oxon. qui destrahit etiam Exemplaria Dionysii Periegetae cum Eustathii Commentariis  |c MDCCX (1710) 
300 |a 16 nečíslovaných strán, xii, 150 strán, 38 nečíslovaných strán  |c 20 cm 
336 |a text  |b txt  |2 rdacontent 
337 |a bez média  |b n  |2 rdamedia 
338 |a zväzok  |b nc  |2 rdacarier 
500 |a Ilustrovaný titulný list, kustody, iniciály na 4 a 2 riadky, koncová vineta, rukopisné marginálie 
504 |a Tlačené vysvetlivky a komentáre pod textom, register 
546 |a Tlač striedavo v gréckom a latinskom jazyku 
562 |a Rukopisné poznámky na predsádke, rukopisné marginálie.  |5 SNK ID 102001 
563 |a Väzba pôvodná pergamenová.  |5 SNK ID 102001 
650 0 7 |a filozofia  |2 SNKPH  |9 793 
700 1 |a Wilmot, John,  |d 1637 - 1718  |4 prt  |9 303059 
710 2 |a Sheldonian Theatre  |4 pbl  |9 199687 
752 |a Veľká Británia  |d Oxford 
852 |a snk  |b Aponiovská knižnica  |p ID 102001 
958 |a DD 
958 |a ONDV 
999 |c 697299  |d 699229 
952 |t Op. I/149  |a SNK  |b SNK  |c SNK_HF  |y PREZ  |7 0  |p 17A1395615  |o snkID 102001  |i snk2021/157  |8 5  |0 0  |1 0  |4 0  |d 2021-01-12  |l 0  |r 2026-02-23 20:46:16  |w 2026-02-23